180 Wielowieś Centrum Przesiadkowe - Tarnowskie Góry Dworzec - Statystyki

Ogólne statystyki
  • Ten quiz został rozwiązany 18 razy
  • Średni wynik to 11 z 29
Statystyki odpowiedzi
Hint Odpowiedź % Poprawnych
Tarnowskie Góry Dworzec
100%
Tarnowskie Góry Powstańców Śląskich
100%
Wielowieś Centrum Przesiadkowe
89%
Tarnowskie Góry Osiedle Fazos
78%
Tarnowskie Góry Opolska
67%
Tarnowskie Góry Rybna
67%
Wielowieś Szkoła
56%
Zbrosławice Jasiona
33%
Wielowieś Kolonia Kotków
33%
Zbrosławice Miedary Posesja 17
33%
Tarnowskie Góry Rybna Pałac
33%
Tarnowskie Góry Rybna Posesja 68
33%
Tworóg Wojska Kościół
33%
Tworóg Wojska Szkoła
33%
Zbrosławice Jasiona Na Granicy
22%
Zbrosławice Miedary Ferma
22%
Zbrosławice Miedary Tarnogórska
22%
Tarnowskie Góry Opatowice Wiśniowa
22%
Tworóg Połomia Gospoda
22%
Tworóg Połomia Leśniczówka
22%
Tarnowskie Góry Rybna Lotników
22%
Tarnowskie Góry Rybna Przepompownia
22%
Tarnowskie Góry Strzybnica Chemet
22%
Tworóg Wojska Podlesie
22%
Zbrosławice Miedary Kopalnia
11%
Zbrosławice Miedary Osiedle
11%
Tarnowskie Góry Opatowice Pastuszki
11%
Tworóg Połomia Skrzyżowanie
11%
Tarnowskie Góry Rybna Starowapienna
11%
Nie znaleziono quizów pasujących do podanych kryteriów
Rozkład punktacji
Procent ludzi z każdym wynikiem
Percentyl według liczby udzielonych odpowiedzi
Twoja historia wyników
Nie rozwiązałeś tego quizu